Bővülő szolgáltatások
Elmentve itt :
| Szerző: | |
|---|---|
| Dokumentumtípus: | Cikk |
| Megjelent: |
1981-12-06
|
| Sorozat: | Délmagyarország
71 No. 286 |
| Kulcsszavak: | egyéb szolgáltatások |
| Online Access: | http://dmarchiv.bibl.u-szeged.hu/104196 |
| LEADER | 00464nab a2200157 i 4500 | ||
|---|---|---|---|
| 001 | delm104196 | ||
| 005 | 20190612102752.0 | ||
| 008 | 190612s1981 hu o 0|| hun d | ||
| 040 | |a SZTE Délmagyarország Archívum |b hun | ||
| 041 | |a hun | ||
| 100 | 1 | |a Somogyi Károlyné | |
| 245 | 1 | 0 | |a Bővülő szolgáltatások |h [elektronikus dokumentum] / |c Somogyi Károlyné |
| 260 | |c 1981-12-06 | ||
| 300 | |a 1 | ||
| 490 | 0 | |a Délmagyarország |v 71 No. 286 | |
| 695 | |a egyéb szolgáltatások | ||